| 000 | 00767nam a2200193 i 4500 | ||
|---|---|---|---|
| 001 | 187353 | ||
| 003 | ES-MaACL | ||
| 005 | 20230906222907.0 | ||
| 008 | 170614s1894 it a |||| | ita d | ||
| 080 | _a621.311 | ||
| 100 | 1 |
_aSartori, Giuseppe. _9103885 |
|
| 245 | 1 | 0 |
_aTrasmissione elettrica del lavoro meccanico _b: con una descrizione dei principali impianti esistenti ed un appendice sulla scelta del sistema di trasmissione / _cGiuseppe Sartori. |
| 260 |
_aMilano : _bUlrico Hoepli, _c1894. |
||
| 300 |
_aXV, 411 p. : _bil. ; _c23 cm. |
||
| 500 | _aÍndice. | ||
| 599 | _aCon 163 incisioni. | ||
| 650 | 0 | 4 |
_aRedes de energía eléctrica. _916710 |
| 852 |
_aES-MaACL _jL-31706 _z- enc. hol. _z. - Donat. herederos de la bibl. de Mª del Pilar Costa Palacín |
||
| 999 |
_c187353 _d187353 |
||